000
00283nam a2200109Ia 4500
008
190907s9999||||xx |||||||||||||| ||und||
100
_a
David,Lowe
245
0
_a
Hypermedia and the web an Engineering Approach
260
_a
New york
_b
Addison-Wesley
_c
1999
300
_a
599
942
_c
BK
999
_c
6615
_d
6615